000 00879nam a2200289 i 4500
001 bg
100 1 _aBelytschko, Ted
_d(1943- ).
245 1 0 _aNonlinear finite elements for continua and structures /
_cTed Belytschko, Wing Kam Liu, Brian Moran.
260 _aChichester [etc.] :
_bJohn Wiley,
_ccop. 2000.
300 _a650 p. :
_bill. ;
_c25 cm.
504 _aBibliogr.
650 9 _aKonstrukcje budowlane
_xteoria
650 9 _aMechanika nieliniowa
_xteoria
650 9 _aOśrodki ciągłe
_xmechanika
_xteoria
650 9 _aMetoda elementów skończonych
_xstosowanie
_xmechanika
700 1 _aWING KAM, Liu.
700 1 _aMORAN, Brian.
020 _a0471987743
040 _cBPK
041 0 _aen
080 _a624.01/.07
080 _a519.61/.65
080 _a539.3/.5
920 _a0-471-98774-3
942 _cKS
008 s pl f |000 0 pol
999 _c38610
_d38610
856 _uhttp://koha.tu.koszalin.pl/cgi-bin/koha/opac-detail.pl?biblionumber=38610
_yKatalog online BPK